[Event "GER-chT U20 Girls"]
[Site "Meppen"]
[Date "2002.12.30"]
[Round "7.1"]
[White "Mueller, Sabrina"]
[Black "Beltz, Carmen"]
[Result "0-1"]
[WhiteElo "1113"]
[BlackElo "1638"]
[PlyCount "78"]
[EventDate "2002.12.27"]
[EventType "team"]
[EventRounds "7"]
[EventCountry "GER"]
[SourceTitle "CBM 092 Extra"]
[Source "ChessBase"]
[SourceDate "2003.03.07"]
[SourceVersion "1"]
[SourceVersionDate "2003.03.07"]
[SourceQuality "1"]

1. e4 c5 2. Nf3 d6 3. Nc3 Nc6 4. Bc4 e6 5. 0-0 Nf6 6. Re1 Be7 7. d3 0-0 8. Be3 a6 9. a3 b5 10. Ba2 Bb7 11. d4 cxd4 12. Nxd4 Qd7 13. Qf3 Rac8 14. Qg3 Kh8 15. Rad1 Ne5 16. Bf4 Nh5 17. Qe3 Nxf4 18. Qxf4 Ng6 19. Qe3 Rc4 20. Nf3 Qc7 21. Rd2 Bf6 22. Red1 Bxc3 23. bxc3 Rxc3 24. Qe1 Rxc2 25. Rxc2 Qxc2 26. Bb1 Qc5 27. Rd3 Rc8 28. Rd1 Qxa3 29. h3 h6 30. e5 Bxf3 31. gxf3 Nxe5 32. Qe2 Nxf3+ 33. Kf1 Ng5 34. Ke1 Qc3+ 35. Qd2 Nf3+ 36. Ke2 Nxd2 37. Rxd2 Rc5 38. Ke1 Qc1+ 39. Rd1 Re5+ 0-1

[Event "GER-chT U20 Girls"]
[Site "Meppen"]
[Date "2002.12.29"]
[Round "5.1"]
[White "Guhr, Katja"]
[Black "Mueller, Sabrina"]
[Result "1-0"]
[WhiteElo "1669"]
[BlackElo "1113"]
[PlyCount "21"]
[EventDate "2002.12.27"]
[EventType "team"]
[EventRounds "7"]
[EventCountry "GER"]
[SourceTitle "CBM 092 Extra"]
[Source "ChessBase"]
[SourceDate "2003.03.07"]
[SourceVersion "1"]
[SourceVersionDate "2003.03.07"]
[SourceQuality "1"]

1. e4 e5 2. Nf3 Nc6 3. d4 exd4 4. Bc4 h6 5. Nxd4 Bc5 6. Be3 Nxd4 7. Bxd4 Qg5 8. 0-0 b6 9. Qf3 Bxd4 10. Qxf7+ Kd8 11. Qf8# 1-0

[Event "GER-chT U20 Girls"]
[Site "Meppen"]
[Date "2002.12.28"]
[Round "4.1"]
[White "Hinske, Sara"]
[Black "Mueller, Sabrina"]
[Result "1-0"]
[WhiteElo "1353"]
[BlackElo "1113"]
[PlyCount "75"]
[EventDate "2002.12.27"]
[EventType "team"]
[EventRounds "7"]
[EventCountry "GER"]
[SourceTitle "CBM 092 Extra"]
[Source "ChessBase"]
[SourceDate "2003.03.07"]
[SourceVersion "1"]
[SourceVersionDate "2003.03.07"]
[SourceQuality "1"]

1. e4 e5 2. Nf3 Nc6 3. d4 exd4 4. Nxd4 Nxd4 5. Qxd4 b6 6. Nc3 Ne7 7. Bf4 Nc6 8. Qd2 Be7 9. 0-0-0 0-0 10. f3 h6 11. Bc4 Rb8 12. Qf2 Bg5 13. Qg3 Bxf4+ 14. Qxf4 Na5 15. Bd3 d6 16. h4 Qe8 17. g4 f6 18. Qg3 Bb7 19. Rh2 Rd8 20. Rdh1 g6 21. g5 fxg5 22. hxg5 h5 23. Rf1 d5 24. Qxc7 dxe4 25. Bxe4 Bxe4 26. Nxe4 Qxe4 27. Qxd8 Qf4+ 28. Qd2 Nc4 29. Qxf4 Rxf4 30. Re2 Rf5 31. f4 Kf7 32. Rfe1 a6 33. Re7+ Kg8 34. R1e4 Nd6 35. R4e6 Kf8 36. Rd7 Nc4 37. Rc7 b5 38. Rxa6 1-0